As chaves de São Pedro (Record no. 43355)
[ view plain ]
| 000 -Etiqueta do registo | |
|---|---|
| Valores | 00504nam a2200181 4500 |
| 100 ## - Dados gerais de processamento | |
| Dados gerais | 19941004d1961 km y0pory5003 ba |
| 101 1# - Língua de publicação | |
| Língua | por |
| 102 ## - País de publicação | |
| País | BR |
| 200 1# - Titulo e menção de responsabilidade | |
| Título próprio | As chaves de São Pedro |
| Informação de outro título | romance |
| Primeira menção de responsabilidade | Roger Peyrefitte |
| Outras menções de responsabilidade | trad. de Heitor Martins |
| 210 ## - Publicação | |
| Local de publicação | Rio [de Janeiro] |
| Nome do editor | Júpiter, |
| Data de publicação | 1961 |
| 215 ## - Descrição física | |
| Paginação / Volumes | 315 p. |
| Dimensões | 22 cm |
| 300 ## - Notas gerais | |
| Texto da nota | Tít. orig.: Les clés de Saint Pierre |
| 675 ## - CDU | |
| Notação | 821.133.1-31 |
| 700 #1 - Autor principal | |
| Apelido | Peyrefitte, |
| Nome | Roger |
| 801 #0 - Fonte de origem | |
| País | PT |
| Agência | UCJPII |
| Regras de catalogação | RPC |
| 990 ## - Elementos KOHA | |
| Tipo de documento | Livro |
| Aquisição | Empréstimo | Código de barras | Cota | Permissão de empréstimo | Tipo de documento |
|---|---|---|---|---|---|
| Biblioteca Municipal de Redondo | Biblioteca Municipal de Redondo | 050582 | 821.133.1-3 PEY | Livro |